Mora y Bello en Chile. (1829-1831).

Guardado en:
Detalles Bibliográficos
Autor principal: Avila Martel, Alamiro de (autor)
Formato: Libro
Lenguaje:español
Publicado: Santiago, Chile: Ediciones Universidad de Chile, 1982.
Materias:
Etiquetas: Agregar Etiqueta
Sin Etiquetas, Sea el primero en etiquetar este registro!

MARC

LEADER 00000nam a2200000 a 4500
001 UCY8248
003 CL-VaPUC
005 20231109073925.0
008 950703e19820000CL |||||||||||||||||spa|d
999 |c 235523  |d 235521 
040 |c Pontificia Universidad Católica de Valparaíso 
082 0 4 |a 370.983 AVI 1982  |2 21 
100 0 |a Avila Martel, Alamiro de  |e autor  |9 339493 
245 1 0 |a Mora y Bello en Chile.   |b (1829-1831). 
260 |a Santiago, Chile:  |b Ediciones Universidad de Chile,  |c 1982. 
300 |a 197 páginas. 
500 |a c.5 Donación Familia Prof. Alejandro Guzmán Brito. 
583 |a last modification  |c 19950703 00:00:00  |k Rodrigo Vera 
600 0 |a Bello, Andrés,   |2 CL-VaPUC  |9 545824  |d 1781-1865 
600 0 |a Mora, José Joaquín de,   |d 1783-1864  |9 332802 
650 0 |a Educación superior   |z Chile  |9 223851  |x Historia 
942 |c BK  |2 ddc  |n 0 
945 |d 19950703 00:00:00  |a rbrito 
952 |0 0  |1 0  |2 ddc  |4 0  |6 370_983000000000000_AVI_1982  |7 0  |8 P  |9 243012  |a BIBEDU  |b BIBEDU  |c BIBEDU_PB  |d 2019-11-18  |i 3096548  |o 370.983 AVI 1982  |p 3096548  |r 2024-01-25  |t 4  |w 2019-11-18  |y BK  |k EDU 
952 |0 0  |1 0  |2 ddc  |4 0  |6 370_983000000000000_AVI_1982  |7 0  |8 DER_HDC  |9 243013  |a BIBDER  |b BIBDER  |d 2019-11-18  |i 1892681  |l 1  |o 370.983 AVI 1982  |p 1892681  |r 2023-01-25  |s 2020-03-16  |t 1  |w 2019-11-18  |x Ubicación 4to Piso  |y BK  |z Estos recursos deben solicitarse con anticipación  |k DER 
952 |0 0  |1 0  |2 ddc  |4 0  |6 370_983000000000000_AVI_1982  |7 0  |8 A  |9 243014  |a BIBHIS  |b BIBHIS  |d 2019-11-18  |i 138287K  |o 370.983 AVI 1982  |p 138287K  |r 2025-01-20  |t 2  |w 2019-11-18  |y BK  |k HIS 
952 |0 0  |1 0  |2 ddc  |4 0  |6 370_983000000000000_AVI_1982  |7 0  |8 A  |9 243015  |a BIBHIS  |b BIBHIS  |d 2019-11-18  |i 1382888  |o 370.983 AVI 1982  |p 1382888  |r 2025-01-20  |t 3  |w 2019-11-18  |y BK  |k HIS 
952 |0 0  |1 0  |2 ddc  |4 0  |6 370_983000000000000_AVI_1982  |7 1  |8 C_AGB  |9 581013  |a BIBDER  |b BIBDER  |d 2022-02-01  |e Donación   |i 5643597  |o 370.983 AVI 1982  |p 5643597  |r 2023-01-25  |t 5  |w 2022-02-01  |y BK_US  |k AGB